00505nam a22001697a 4500003000400000020001800004082001900022100002500041245003000066250000800096260004600104300000900150650001800159942001500177952012600192999001700318SGT a9789351523031 a616.0757bT14G aGhom, Anil Govindrao aTextbook of Oral Medicine a3rd aNew Delhi, IndiabJaypee Publishersc2014 a1119 aOral Medicine 2ddccBK01 00102ddc4070aFDbFDcTXTd2024-09-30iSGTUl1o616.0757 T14GpFD9565r2024-11-26 00:00:00s2024-11-26w2024-09-30yBK c27039d27039